00975nam a2200277Ia 4500001000700000003000500007008004100012010001100053040000900064090001600073100002700089245010700116260004400223300001000267502008700277650004000364650004800404650004100452901001600493902000600509910000900515942000600524942000600530999001900536952014200555Z_1330CHAP220113s1976 xx 000 0 und d a164418 cCHAP aTesis W 711 aWaller, John C9120932 aEvaluation of sodium, calcium and ammonium hydroxides for treating crop residues /cby John C. Waller aLincoln, Nebraska :bThe author,c1976 a100 h aThesis (Master of science) -- University of Nebraska. Department of Animal Science aCalcio en nutrición animal917340 aProductos agrícolasxSubproductos 992033 aSodio en nutrición animal 9108264 aTESIS W 711 aM a1976 c2 c2 c164418d164418 00102local4051708TESISaZbZd2005-11-09eEl autorl0oTesis W355 711 1976p5101000973r2022-01-18 00:00:00tEj.1w2022-01-18yTESIS